000 00558nam a22001457a 4500
008 140818b xxu||||| |||| 00| 0 eng d
020 _a0406090335
050 _aKD276.2.L39(1872-1873)
245 _aThe Law Reports(1872-1873): Equity cases including Bankruptcy cases, before The master of the rolls, the Vice- Chancellors, and the Chief judge in bankruptcy./
_cedited by G. W Hemming,
260 _aLondon:
_bButterworth & co ltd.,
_c1873.
300 _aXV, 414p.:
_c24cm
440 _pEquity cases
_vVol. xv(15)
800 _aHemming, G. W
942 _2lcc
_cBK
999 _c3457
_d10957